Famous... with a Cat Quiz Stats

Quiz Updated Jul 18, 2016

Challenge
Share
Tweet
Score 0/25 Timer 05:00
2 Plays Today
Famous person % Correct
Michael Jackson
97.1%
Paris Hilton
93.8%
Adam Sandler
92%
Morgan Freeman
89.6%
John Travolta
89.1%
Beyoncé Knowles
84.3%
Cameron Diaz
82.8%
Audrey Hepburn
81.7%
Vladimir Putin
80.5%
Snoop Dogg
78.9%
Anthony Hopkins
75.3%
Alfred Hitchcock
72.8%
Bob Dylan
66.6%
Famous person % Correct
Robert De Niro
64%
Hugh Laurie
63.8%
Freddie Mercury
62.8%
George Harrison
59.1%
Mark Twain
56.4%
Stephen King
56.3%
Marlon Brando
55.4%
Sean Connery
51.2%
Liz Taylor
50.1%
David Tennant
40.3%
Peter Lorre
18.3%
James Franco
12.8%

You're not logged in!

Compare scores with friends on all Sporcle quizzes.
Sign Up with Email
OR
Log In

You Might Also Like...

Show Comments

Extras

Top Quizzes Today


Score Distribution

Your Account Isn't Verified!

In order to create a playlist on Sporcle, you need to verify the email address you used during registration. Go to your Sporcle Settings to finish the process.